| 000 | 00690nam a2200241Ia 4500 | ||
|---|---|---|---|
| 005 | 20250425162727.0 | ||
| 008 | 250425s9999 xx 000 0 und d | ||
| 020 | _a9789978925256 | ||
| 041 | _aspa | ||
| 043 | _aec | ||
| 082 | _a920 | ||
| 100 | _aMUÑOZ BORRERO, EDUARDO | ||
| 245 | 0 | _aBELISARIO PEÑA GOMEZ : 1834-1906 - MAESTRO Y POETA | |
| 250 | _a1A ED. | ||
| 260 |
_aEcuador _bCOMISIÓN NACIONAL PERMANENTE DE CONMEMORACIONES CÍVICAS _c2007 |
||
| 260 | _aQUITO | ||
| 300 | _a72 | ||
| 500 | _aCUADERNOS DE DIVULGACION CIVICA; N°33 | ||
| 650 | _aPEÑA GOMEZ. BELISARIO-1834-1906 | ||
| 650 | _aPOETA COLOMBIANO-ECUATORIANO-BIOGRAFIA | ||
| 942 | _c01 | ||
| 010 | _a103440 | ||
| 999 |
_c235197 _d235197 |
||